000 00362nam a2200145 i 4500
001 bg
100 1 _aBAZEWICZ, Mieczysław
245 0 _aSystemy informatyczne w szkole wyższej /
_cMieczysław Bazewicz.
260 _aWarszawa,
_c1980.
040 _cBPK
041 _apol
080 _a378:681.324
942 _cKS
008 s pl f |000 0 pol
999 _c20368
_d20368
856 _uhttp://koha.tu.koszalin.pl/cgi-bin/koha/opac-detail.pl?biblionumber=20368
_yKatalog online BPK